[Event "Molde Spring"]
[Site "Molde"]
[Date "2010.03.02"]
[Round "4"]
[White "Mogstad, Ola P"]
[Black "Kosberg, Stian"]
[Result "1-0"]
[WhiteElo "1917"]
[BlackElo "739"]
[PlyCount "69"]
[EventDate "2010.02.02"]
[EventType "tourn"]
[EventRounds "11"]
[EventCountry "NOR"]
[SourceTitle "EXT 2024"]
[Source "ChessBase"]
[SourceDate "2023.10.10"]
[SourceVersion "1"]
[SourceVersionDate "2023.10.10"]
[SourceQuality "1"]

1. d4 d6 2. Nf3 Nd7 3. e3 g6 4. c4 b6 5. Nc3 Bg7 6. Bd3 e6 7. 0-0 Ne7 8. Bd2 a6 9. Rc1 Bb7 10. Qe2 h6 11. e4 c5 12. Be3 e5 13. dxc5 dxc5 14. Rfd1 0-0 15. Bc2 Qc7 16. Ba4 Bc6 17. Bxc6 Qxc6 18. Rc2 Rad8 19. Rcd2 Qc7 20. Rd3 Nf6 21. Nxe5 Rxd3 22. Nxd3 Rd8 23. Nf4 g5 24. Nfd5 Nfxd5 25. Nxd5 Nxd5 26. exd5 f6 27. Bd2 Qd6 28. Bc3 Qf8 29. Qe6+ Kh8 30. Qxb6 Ra8 31. d6 f5 32. Bxg7+ Kxg7 33. Qxc5 Kg6 34. Qd5 f4 35. d7 1-0

[Event "Molde Spring"]
[Site "Molde"]
[Date "2009.04.02"]
[Round "5"]
[White "Sigerset, Magnar"]
[Black "Kosberg, Stian"]
[Result "0-1"]
[WhiteElo "1366"]
[BlackElo "702"]
[PlyCount "62"]
[EventDate "2009.01.22"]
[EventType "swiss"]
[EventRounds "6"]
[EventCountry "NOR"]
[SourceTitle "EXT 2024"]
[Source "ChessBase"]
[SourceDate "2023.10.10"]
[SourceVersion "1"]
[SourceVersionDate "2023.10.10"]
[SourceQuality "1"]

1. Nf3 d6 2. d4 g6 3. c4 Bg7 4. Nc3 a6 5. e4 Nd7 6. Be3 b6 7. Rc1 e6 8. Be2 Ne7 9. Qd2 Bb7 10. 0-0 h6 11. h4 f6 12. Bd3 c5 13. d5 e5 14. Nh2 Ra7 15. Ng4 Ng8 16. f4 Ke7 17. fxe5 fxe5 18. Rf3 Ndf6 19. Nxf6 Nxf6 20. Bxh6 Bxh6 21. Qf2 Bxc1 22. Rxf6 Rf8 23. Re6+ Kd7 24. Qg3 g5 25. hxg5 Bxg5 26. Be2 Bf4 27. Qg4 Kc7 28. Re7+ Kb8 29. Qg7 Rg8 30. Qf7 Rf8 31. Qe6 Bc8 0-1

[Event "Molde CC-ch"]
[Site "Molde"]
[Date "2008.09.04"]
[Round "1"]
[White "Kosberg, Stian"]
[Black "Farstad, Gudmund"]
[Result "0-1"]
[WhiteElo "714"]
[BlackElo "1803"]
[PlyCount "46"]
[EventDate "2008.09.04"]
[EventType "swiss"]
[EventRounds "6"]
[EventCountry "NOR"]
[SourceTitle "EXT 2024"]
[Source "ChessBase"]
[SourceDate "2023.10.10"]
[SourceVersion "1"]
[SourceVersionDate "2023.10.10"]
[SourceQuality "1"]

1. e4 c5 2. c3 d5 3. exd5 Qxd5 4. Nf3 Nf6 5. d4 Bg4 6. Be3 cxd4 7. Bxd4 Nc6 8. h3 Bxf3 9. gxf3 Rd8 10. Be2 Qa5 11. Kf1 e5 12. Qb3 exd4 13. Qxb7 Qb6 14. Qxb6 axb6 15. cxd4 Nxd4 16. Bd1 Bc5 17. a4 0-0 18. Nc3 Rfe8 19. Kg2 g6 20. Kg3 Nh5+ 21. Kg4 f5+ 22. Kg5 Ne6+ 23. Kh6 Bf8# 0-1